000 00484nam a2200157 i 4500
001 150717
003 ES-MaACL
005 20230906203646.0
007 t|
008 071106s1916 ag ||||1| spa d
100 1 _aDobranich, Horacio H.
_944942
245 1 0 _aJusticia humana
_b: monólogo dramático en posa /
_coriginal de Horacio H. Dobranich.
260 _aBuenos Aires :
_bLibrería de J. Bonmati Hijo,
_c[1916?]
300 _a10 p. ;
_c19 cm.
852 _aES-MaACL
_j1516-F-19
999 _c150717
_d150717